| 000 | 00430nam a22001337a 4500 | ||
|---|---|---|---|
| 082 |
_a294.3 _bCHA/E |
||
| 100 | _aCHAH, AJAHN | ||
| 245 | _aEVERYTHING IS TEACHING US | ||
| 260 |
_aAUSTRALIA _bTHE SANGHA |
||
| 300 | _a125 | ||
| 520 | _aTHE TEACHINGS CONTINUE TO ILLUMINATE THE PATH TOWARDS UNSHEAKABLE PEACE AND LIBERATION AND MAKE A WORTHY GIFT TO ANYONE WISHING TO PURSUE THAT PATH | ||
| 650 |
_aRELIGIOUS _zAUSTRALIA |
||
| 942 | _cBK | ||
| 999 |
_c5152 _d5152 |
||